000 00328nam a2200133Ia 4500
005 20260328101455.0
008 260328s9999||||xx |||||||||||||| ||und||
100 _aHortet, Lluis
245 0 _aMies van der Rohe Award 2005 /
_cLluis Hortet
260 _bACTAR
300 _a254 p.
650 _aARQUITECTURA REGIONAL
942 _cBK
999 _c8813
_d8813